Chemistry in your life
Tallennettuna:
| Päätekijä: | |
|---|---|
| Aineistotyyppi: | Kirja |
| Kieli: | Undetermined |
| Julkaistu: |
New York
W. H. Freeman
2003
|
| Aiheet: | |
| Tagit: |
Lisää tagi
Ei tageja, Lisää ensimmäinen tagi!
|
| Thư viện lưu trữ: | Trung tâm Học liệu Trường Đại học Cần Thơ |
|---|
| LEADER | 00494nam a2200193Ia 4500 | ||
|---|---|---|---|
| 001 | CTU_106126 | ||
| 008 | 210402s9999 xx 000 0 und d | ||
| 020 | |c 75.54 | ||
| 082 | |a 540 | ||
| 082 | |b B163 | ||
| 100 | |a Baird, Colin | ||
| 245 | 0 | |a Chemistry in your life | |
| 245 | 0 | |c Colin Baird, Wendy Gloffke | |
| 260 | |a New York | ||
| 260 | |b W. H. Freeman | ||
| 260 | |c 2003 | ||
| 650 | |a Chemistry | ||
| 904 | |i Nguyên sửa | ||
| 980 | |a Trung tâm Học liệu Trường Đại học Cần Thơ | ||